| 000 | 00844nam a2200205 i 4500 | ||
|---|---|---|---|
| 001 | 166334 | ||
| 003 | ES-MaACL | ||
| 005 | 20251108161609.0 | ||
| 008 | 010302s1878 fr af |||| | fre d | ||
| 040 |
_aCAM _bspa _cCAM |
||
| 100 | 1 |
_aTissandier, Gaston ( _d1843-1899) _9133269 |
|
| 245 | 1 | 3 |
_aLe grand ballon captif a vapeur de M. Henry Giffard _b: Cour des Tuileries, Paris, 1878 / _cGaston Tissandier ; illustrations par Albert Tissandier. |
| 260 |
_aParis : _bG. Masson, éditeur, _c1878 ( _fTypographie Lahure) |
||
| 300 |
_a67 p., [16] h. de lám. : _bil. ; _c23 cm. |
||
| 600 | 1 | 7 |
_aGiffard, Henri, _d1825-1882 _2 _9155787 |
| 650 | 0 | 4 |
_aAerostación. _99661 |
| 700 | 1 |
_aTissandier, Albert. _9133268 |
|
| 852 |
_aES-MaACL _jT-851-F-2 _z-- Enc. hol. conservando la cub. original _z-- Enc. en un vol. facticio |
||
| 999 |
_c166334 _d166334 |
||